000 00427nam a22001697a 4500
005 20160525110811.0
008 160525b xxu||||| |||| 00| 0 eng d
020 _a1403-92812-6
041 _aeng
082 _b4832
100 _aKothari, Rajesh & Dutta, Bobby
_91209
245 _aContemporary Financial Mgt.
260 _aNew Delhi
_bAcademic Faundation
_c2005
300 _a449
650 _aManagement
_9241
942 _cBK
999 _c1661
_d1660